Actas del Cabildo de Santiago: Tomo XXII, 1685 a 1691

Saved in:
Bibliografiske detaljer
Institution som forfatter: Cabildo de Santiago (Author)
Format: Bog
Sprog:spansk
Udgivet: Santiago Imprenta Elzeviriana 1913
Udgivelse:1a. ed
Serier:Colección de Historiadores de Chile y de Documentos relativos a la Historia Nacional, XLII
Fag:
Tags: Tilføj Tag
Ingen Tags, Vær først til at tagge denne postø!

MARC

LEADER 00000nam a2200000 a 4500
001 UCJ4463
003 CL-VaPUC
008 070124e19130000CL |||||||||||||||||spa|d
082 0 4 |a 983  |b CAB  |2 21 
110 2 |a Cabildo de Santiago  |e author  |9 508199 
245 1 0 |a Actas del Cabildo de Santiago: Tomo XXII, 1685 a 1691  
250 |a 1a. ed 
300 |a 448 p 
942 |c BK 
945 |d 20070124 00:00:00  |a rinostro 
260 |a Santiago  |b Imprenta Elzeviriana  |c 1913 
650 0 |a Historia de Chile  |9 265473 
650 7 |a DOCUMENTOS  |2 CL-VaPUC  |9 366450 
650 7 |a FUENTES  |2 CL-VaPUC  |9 255666 
650 0 |a Administración colonial   |9 508204 
650 7 |a PRESERVACION DE RECURSOS  |2 CL-VaPUC  |9 508188 
650 7 |a PALMAS DE OCOA  |2 CL-VaPUC  |9 508186 
650 7 |a MIEL DE PALMA  |2 CL-VaPUC  |9 508187 
650 7 |a POLICIA URBANA  |2 CL-VaPUC  |9 508201 
650 0 |a Obras públicas  |9 261125 
651 0 |a Santiago  |9 265444 
651 0 |a Valparaíso, Chile  |9 261144 
583 |a last modification  |c 20070124 00:00:00  |k Rodrigo Vera 
490 0 |a Colección de Historiadores de Chile y de Documentos relativos a la Historia Nacional, XLII 
999 |c 320579  |d 320577 
952 |0 0  |1 0  |4 0  |6 983_000000000000000_CAB_1913  |7 0  |8 X  |9 399125  |a FDOBUD  |b FDOBUD  |d 2019-11-22  |i 1000411  |o 983 CAB 1913  |p 1000411  |r 2019-11-22  |w 2019-11-22  |y BK_X  |k BUD